| 000 | 00926nam a22002897a 4500 | ||
|---|---|---|---|
| 003 | CHAP | ||
| 005 | 20220329140858.0 | ||
| 008 | 971013s1983 r 00010 d | ||
| 010 | _a59144 | ||
| 011 | _a60116 | ||
| 035 | _a64276 | ||
| 040 | _cCHAP | ||
| 090 | _aFolleto 10562 | ||
| 110 |
_aProductora Nacional de Semillas. México _991893 |
||
| 245 |
_aPrograma de comercialización de semillas certificadas PRONASE _b: 1983 |
||
| 260 |
_aMéxico, D.F. : _bPRONASE, _c1983 |
||
| 300 |
_a27 p. _b: gráfs. |
||
| 590 |
_aBATCH-UPD _b10 _c20130110 _lUCH01 _h0839 |
||
| 590 |
_aBATCH-UPD _b10 _c20130410 _lUCH01 _h0517 |
||
| 590 |
_aBATCH-UPD _b10 _c20130914 _lUCH01 _h2018 |
||
| 590 |
_aCONVERSION _b10 _c20130109 _lUCH01 _h1332 |
||
| 650 | 1 | 4 |
_aSemillas _xCertificación. _9103883 |
| 650 | 1 | 4 |
_aSemillas _xMercadeo _xMéxico. _9103919 |
| 901 | _aBK | ||
| 942 | _cFOLL | ||
| 949 |
_aFolleto 10562 _bBC _cFOLL _d-140016 _eTS1 _i64276 _mD _si |
||
| 999 |
_c59144 _d59144 |
||